1040 1953 1974 1954 1829 1887 1240 1610 1569 1448 1693 1407 1193 1738 1755 1548 1566 1984 1880 1629 1309 1108 1840 1162 1288 1119 1887 1589 1915 1920 1359 1465 1968 1464 1386 1556 1608 1244 1382 1856 1016 1651 1501 1984 1567 1086 1370 1852 1000 1185 1408 1082 1405 1462 1733 1457 1292 1654 1348 1210 1539 1842 1848 1246 1008 1236 1172 1432 1645 1365 1212 1128 1931 1299 1418 1194 1807 1867 1730 1503 1545 1155 1057 1295 1482 1079 1482 1199 1989 1692 1008 1364 1922 1469 1343 1390 1711 1605 1132 BCNSPRNW ULIB Ver.6.0+V

เปลี่ยนเป็นภาษาไทย

Change to English
 แสดงรายละเอียดบรรณานุกรม
  กลับหน้าหลัก

Brief Record : Get Marc (ISO 2709) : E-mail record : QR code < ปิดหน้าต่าง
LEADER : 00000nam 2200000uu 4500
001    13399127204
003     ULIB
008    191021s2561||||th 000 0 tha d
020    ^a9786161823276 :^c225 บาท
050  0 ^aPN6095^bค346ค
100 0  ^aคิดมาก
245 10 ^aคิดมากไปหรือเปล่า? / ^cคิดมาก ; คณิน แตงเกตุ, ถ่ายภาพ
260    ^aกรุงเทพฯ : ^bสปริงบุ๊กส์, ^c2561
300    ^a215 หน้า : ^bภาพประกอบ ; ^c17 ซม.
650  4 ^aการดำเนินชีวิต
650  4 ^aกำลังใจ
650  4 ^aคำคม
650  4 ^aคำคม^xรวมเรื่อง
700 0   ^aคณิน แตงเกตุ, ถ่ายภาพ
945    ^p225^l0^i006368
999    ^aประนอม เกษจรัล
รายการนี้ยังไม่มีแท็ก
คุณยังไม่ได้ล็อกอิน คุณสามารถมีกิจกรรมร่วมกับเว็บไซต์ได้ แต่ต้องล็อกอินก่อน ::
  ล็อกอิน

รายการสื่อสารสนเทศ

ลำดับที่ ประเภท เลขเรียก/บาร์โค้ด สถานที่ สถานะ
1. การศึกษาทั่วไป
การศึกษาทั่วไป
PN6095 ค346ค ฉ.1 
  Barcode: 006368
ห้องสมุดวิทยาเขตสวรรค์ประชารักษ์
►หนังสือทั่วไป
ถูกยืม กำหนดส่งวันที่ 24 เมษายน 2568
  จอง

รายการใกล้เคียง
    หัวเรื่อง [การดำเนินชีวิต]
    หัวเรื่อง [กำลังใจ]
    หัวเรื่อง [คำคม]

BibComment


ยังไม่เคยถูกคอมเมนท์

คอมเมนท์ทรัพยากรรายการนี้
  คอมเมนท์: คิดมากไปหรือเปล่..


 Copyright 2026. Bcnsprnw @Library